NFL Second-Team All Pro Quarterbacks - Statistics

General Stats
  • This quiz has been taken 336 times
    22 since last reset
  • The average score is 53 of 57
Answer Stats
Year Team Quarterback % Correct
2012 Packers Aaron Rodgers
100%
2007 Packers Brett Favre
100%
2002 Packers Brett Favre
100%
2001 Packers Brett Favre
100%
2015 Cardinals Carson Palmer
100%
2017 Eagles Carson Wentz
100%
2023 Cowboys Dak Prescott
100%
1995 Dolphins Dan Marino
100%
1994 Dolphins Dan Marino
100%
1992 Dolphins Dan Marino
100%
1988 Dolphins Dan Marino
100%
1983 Dolphins Dan Marino
100%
2025 Patriots Drake Maye
100%
2018 Saints Drew Brees
100%
2011 Saints Drew Brees
100%
2009 Saints Drew Brees
100%
2008 Saints Drew Brees
100%
2022 Eagles Jalen Hurts
100%
1992 Bills Jim Kelly
100%
1984 49ers Joe Montana
100%
1981 49ers Joe Montana
100%
1972 Jets Joe Namath
100%
1996 Broncos John Elway
100%
1993 Broncos John Elway
100%
1987 Broncos John Elway
100%
2024 BIlls Josh Allen
100%
2020 BIlls Josh Allen
100%
2006 Colts Peyton Manning
100%
2000 Colts Peyton Manning
100%
1999 Colts Peyton Manning
100%
2019 Seahawks Russell Wilson
100%
1998 49ers Steve Young
100%
1997 49ers Steve Young
100%
1995 49ers Steve Young
100%
2021 Buccaneers Tom Brady
100%
2016 Patriots Tom Brady
100%
2005 Patriots Tom Brady
100%
2014 Cowboys Tony Romo
100%
1971 Cowboys Roger Staubach
95%
2003 Titans Steve McNair
95%
1990 Oilers Warren Moon
95%
1985 Chargers Dan Fouts
90%
1980 Chargers Dan Fouts
90%
1973 Vikings Fran Tarkenton
90%
1976 Raiders Ken Stabler
90%
1992 Eagles Randall Cunningham
90%
1988 Eagles Randall Cunningham
90%
1979 Browns Brian Sipe
80%
1975 Bengals Ken Anderson
80%
1991 Redskins Mark Rypien
75%
1977 Colts Bert Jones
70%
1970 Raiders Daryle Lamonica
70%
1974 Cardinals Jim Hart
70%
1989 Packers Don Majkowski
65%
1982 Cowboys Danny White
60%
1978 Seahawks Jim Zorn
60%
1986 Vikings Tommy Kramer
55%
No matching quizzes found
Score Distribution
Percent of People with Each Score
Percentile by Number Answered
Your Score History
You have not taken this quiz since the last reset